नामदार जगन्नाथ शंकरशेट (Record no. 463061)

MARC details
000 -LEADER
fixed length control field 00536nam a2200145Ia 4500
008 - FIXED-LENGTH DATA ELEMENTS--GENERAL INFORMATION
fixed length control field 100204s9999 xx 000 0 und d
082 ## - DEWEY DECIMAL CLASSIFICATION NUMBER
Item number 18638
100 ## - MAIN ENTRY--PERSONAL NAME
Personal name चोडणकर अ. आ.
245 ## - TITLE STATEMENT
Title नामदार जगन्नाथ शंकरशेट
260 ## - PUBLICATION, DISTRIBUTION, ETC. (IMPRINT)
Name of publisher, distributor, etc "आपलं प्रकाशन, मुंबई"
Date of publication, distribution, etc 1995
300 ## - PHYSICAL DESCRIPTION
Extent 176
630 ## - SUBJECT ADDED ENTRY--UNIFORM TITLE
Uniform title नामदार जगन्नाथ शंकरशेट
730 ## - ADDED ENTRY--UNIFORM TITLE
Uniform title नामदार जगन्नाथ शंकरशेट
942 ## - ADDED ENTRY ELEMENTS (KOHA)
Koha item type Book
Holdings
Withdrawn status Lost status Damaged status Not for loan Home library Current library Date acquired Cost, normal purchase price Total Checkouts Full call number Barcode Date last seen Cost, replacement price Price effective from Koha item type
        N. C. Kelkar Sarvajanik Library, Mulund N. C. Kelkar Sarvajanik Library, Mulund 02/04/2010 80.00   18638 NCKMULUND-18638 02/04/2010 80.00 02/04/2010 Book